Pensamiento y acción de José Martí : (Registro nro. 35345)
[ vista simple ]
| 000 -CABECERA | |
|---|---|
| campo de control de longitud fija | 00611nam a2200157 a 4500 |
| 001 - NÚMERO DE CONTROL | |
| campo de control | 000035854 |
| 005 - FECHA Y HORA DE LA ÚLTIMA TRANSACCIÓN | |
| campo de control | 20200930074652.0 |
| 008 - DATOS DE LONGITUD FIJA--INFORMACIÓN GENERAL | |
| campo de control de longitud fija | 111115s1955 cu c 000 0 spa d |
| 040 ## - FUENTE DE LA CATALOGACIÓN | |
| Centro catalogador/agencia de origen | DO-SdBNP |
| Lengua de catalogación | spa |
| Centro/agencia transcriptor | BNPHU |
| 082 ## - NÚMERO DE LA CLASIFICACIÓN DECIMAL DEWEY | |
| Número de clasificación | xxxx |
| Número de documento/Ítem | U58p |
| 049 ## - FONDOS LOCALES (OCLC) | |
| Fondos de biblioteca | BNGR |
| 110 2# - ENTRADA PRINCIPAL--NOMBRE DE ENTIDAD CORPORATIVA | |
| Nombre de entidad corporativa o nombre de jurisdicción como elemento de entrada | Universidad de Oriente (Santiago de Cuba, Cuba). |
| Unidad subordinada | Departamento de Extensión y Relaciones Culturales. |
| 9 (RLIN) | 61834 |
| 245 10 - MENCIÓN DE TÍTULO | |
| Título | Pensamiento y acción de José Martí : |
| Resto del título | conferencias y ensayos ofrecidos con motivo del 1. centenario de su nacimiento. |
| 260 ## - PUBLICACIÓN, DISTRIBUCIÓN, ETC. | |
| Lugar de publicación, distribución, etc. | Santiago, Cuba : |
| Nombre del editor, distribuidor, etc. | Universidad de Oriente, |
| Fecha de publicación, distribución, etc. | 1955. |
| 300 ## - DESCRIPCIÓN FÍSICA | |
| Extensión | 432 p. : |
| Otras características físicas | il. ; |
| Dimensiones | 23 cm. |
| Estado de retiro | Estado de pérdida | Restricciones de uso | No para préstamo | Código de colección | Localización permanente | Ubicación/localización actual | Ubicación en estantería | Fecha de adquisición | Número de inventario | Total de préstamos | Signatura topográfica completa | Código de barras | Fecha visto por última vez | Precio válido a partir de | Tipo de ítem Koha | Nota pública |
|---|---|---|---|---|---|---|---|---|---|---|---|---|---|---|---|---|
| Excluido de préstamo | Monografías: Libros y Folletos | General | General | En catalogación | 15.11.2011 | LF1 | xxxx U58p | 35854-10 | 25.06.2020 | 25.06.2020 | No se presta | Perteneció a la biblioteca personal de Juan Isidro Jimenes Grullón |
